| 000 | 00833cab a2200229 4500 | ||
|---|---|---|---|
| 001 | WB2737-70 | ||
| 008 | 090401t1991 xxu||||| |||| 00| 0 eng d | ||
| 035 | _a(Sirsi) u60377 | ||
| 041 | _aeng | ||
| 245 | _aNew grant for community woodlands | ||
| 260 | _c1991 | ||
| 350 | _a0 | ||
| 490 |
_aForestry Commission News _v(209/91) 18 September 1991 (2) |
||
| 520 | _aThe SoS for Scotland has announced a new grant to give further encouragement to the creation of woodlands near to towns and cities. In appropriate cases a Community Woodland Supplement will be paid in addition to other planting grants under the Forestry Commission`s Woodland Grant Scheme. | ||
| 650 | _aCOMMUNITY FORESTS | ||
| 650 | _aFORESTRY | ||
| 650 | _aGRANTS | ||
| 650 | _aWOODLANDS | ||
| 690 | _aRURAL PRACTICE | ||
| 942 | _n0 | ||
| 948 | _c04/03/1997 | ||
| 999 |
_c37221 _d37221 |
||